European magnetic materials and applications : proceedings of the 8th European Magnetic Materials and Applications Conference, Kyiv, Ukraine, June 7-10, 2000 /

Bibliographic Details
Corporate Author: European Magnetic Materials and Applications Conference Kyiv, Ukraine
Other Authors: Barʹi︠a︡khtar, Viktor Grigorʹevich
Format: Conference Proceeding Book
Language:English
Published: Uetikon-Zuerich, Switzerland ; Enfield, NH : Trans Tech Publications Ltd., [2001]
Series:Materials science forum ; v. 373-376.
Subjects:

MARC

Tag First Indicator Second Indicator Subfields
LEADER 00000cam a2200000Ia 4500
001 in00001762713
005 20151025083014.0
008 011106s2001 sz a b 101 0 eng d
020 |a 087849880X 
035 |a (OCoLC)ocm48369308 
040 |a NBS  |c NBS  |d IXA  |d TXA  |d UtOrBLW 
049 |a TXAM 
090 |a TA401  |b .M365 v.373/376 2001 
090 |a TK454.4.M3  |b E97 2000 
111 2 |a European Magnetic Materials and Applications Conference  |n (8th :  |d 2000 :  |c Kyiv, Ukraine) 
245 1 0 |a European magnetic materials and applications :  |b proceedings of the 8th European Magnetic Materials and Applications Conference, Kyiv, Ukraine, June 7-10, 2000 /  |c edited by V.G. Baryakhtar. 
246 1 4 |a EMMA 2000 
264 1 |a Uetikon-Zuerich, Switzerland ;  |a Enfield, NH :  |b Trans Tech Publications Ltd.,  |c [2001] 
264 4 |c ©2001 
300 |a xxii, 835 pages :  |b illustrations ;  |c 25 cm. 
336 |a text  |b txt  |2 rdacontent 
337 |a unmediated  |b n  |2 rdamedia 
338 |a volume  |b nc  |2 rdacarrier 
490 1 |a Materials science forum,  |v v. 373-376 
504 |a Includes bibliographical references and indexes. 
650 0 |a Magnetic materials  |v Congresses. 
700 1 |a Barʹi︠a︡khtar, Viktor Grigorʹevich. 
830 0 |a Materials science forum ;  |v v. 373-376. 
948 |a cataloged  |b h  |c 2003/8/1  |d c  |e mphillip  |f 3:17:42 pm 
994 |a E0  |b TXA 
999 |a MARS 
999 f f |s 630b05b1-7cd6-3b2a-ac8f-61369cf38f3e  |i 86854eb3-a401-3132-bd57-7b6444bd55a0  |t 0 
952 f f |p ric  |a Texas A&M University  |b Rellis Campus  |c Joint Library Facility  |d Remote Storage  |t 0  |e TK454.4.M3 E97 2000  |h Library of Congress classification  |i unmediated -- volume  |m A14830395979 
998 f f |a TK454.4.M3 E97 2000  |t 0  |l Remote Storage